Microeconomics (Record no. 395943)

MARC details
000 -LEADER
fixed length control field 00444 a2200181 4500
005 - DATE & TIME
control field 20260210104447.0
008 - FIXED-LENGTH DATA ELEMENTS--GENERAL INFORMATION
fixed length control field 260209b |||||||| |||| 00| 0 eng d
020 ## - ISBN
International Standard Book Number 9789352736492
Price Rs. 650.00
040 ## - CATALOGING SOURCE
Original cataloging agency VIVEKANANDA LIBRARY
082 ## - DDC NUMBER
Classification number 338.5
Book Number M691M
100 ## - MAIN ENTRY--PERSONAL NAME
Personal name Mithani, D M
245 ## - TITLE STATEMENT
Title Microeconomics
260 ## - PUBLICATION, DISTRIBUTION, ETC. (IMPRINT)
Name of publisher, distributor, etc Himalaya Publishing House
Date of publication, distribution, etc 2025
Place of publication, distribution, etc Mumbai
300 ## - PHYSICAL DESCRIPTION
Pages 480
650 ## - Subject
Subject Economics
650 ## - Subject
Subject Microeconomics
942 ## - ADDED ENTRY ELEMENTS (KOHA)
Koha item type Books
Holdings
Withdrawn status Lost status Source of classification or shelving scheme Damaged status Not for loan Location (home branch) Sublocation or collection (holding branch) Shelving location Date acquired Koha issues (times borrowed) Koha full call number Accession No. Koha date last seen Koha item type
    Dewey Decimal Classification     VIVEKANANDA LIBRARY VIVEKANANDA LIBRARY Vivekananda Library 13/01/2026   338.5 M691M 444357 13/01/2026 Books
    Dewey Decimal Classification     VIVEKANANDA LIBRARY VIVEKANANDA LIBRARY   13/01/2026     444358 13/01/2026 Books
© Designed and Maintained by Vivekananda Library, MDU Rohtak